<?xml version="1.0" encoding="UTF-8"?>
<collection xmlns="http://www.loc.gov/MARC21/slim">
 <record>
  <leader>05690nam a2200385 a 4500</leader>
  <controlfield tag="001">kal4307</controlfield>
  <controlfield tag="003">Gr-AtHEAL</controlfield>
  <controlfield tag="005">20160506142941.0</controlfield>
  <controlfield tag="006">m        d        </controlfield>
  <controlfield tag="008">160413s2015    gr      s           gre|c</controlfield>
  <datafield tag="020" ind1=" " ind2=" ">
   <subfield code="a">9789606033872</subfield>
  </datafield>
  <datafield tag="040" ind1=" " ind2=" ">
   <subfield code="a">GR-AtHEAL</subfield>
   <subfield code="b">gre</subfield>
   <subfield code="c">GR-AtHEAL</subfield>
  </datafield>
  <datafield tag="082" ind1="0" ind2="4">
   <subfield code="a">571.6</subfield>
   <subfield code="2">23</subfield>
  </datafield>
  <datafield tag="100" ind1="1" ind2=" ">
   <subfield code="a">Λέκκα, Μαρία Ελένη .</subfield>
   <subfield code="8">1212</subfield>
  </datafield>
  <datafield tag="245" ind1="1" ind2="0">
   <subfield code="a">Βιολογικές μεμβράνες: από τη δομή στις λειτουργίες</subfield>
   <subfield code="h">[Ηλεκτρονικός πόρος] </subfield>
   <subfield code="b">Θεωρια και πειραματικές προσεγγίσεις</subfield>
   <subfield code="c">Λέκκα, Μαρία Ελένη ; Γαλανοπούλου, Κωνσταντίνα ; Λεονταρίτης, Γιώργος ; Κητσιούλη, Ειρήνη ; Κριτικός αναγνώστης,Κυριακίδης, Δημήτριος ; Γραφιστική επιμέλεια,Δεδικούση, Σταματία ; Τεχνική επιμέλεια,Βελιβάση, Γλυκερία.</subfield>
  </datafield>
  <datafield tag="260" ind1=" " ind2=" ">
   <subfield code="a">Αθήνα :</subfield>
   <subfield code="b">Σύνδεσμος Ελληνικών Ακαδημαϊκών Βιβλιοθηκών,</subfield>
   <subfield code="c">c2015.</subfield>
  </datafield>
  <datafield tag="490" ind1=" " ind2=" ">
   <subfield code="a">Ακαδημαϊκά Ηλεκτρονικά Συγγράμματα και Βοηθήματα Κάλλιπος</subfield>
   <subfield code="8">40</subfield>
  </datafield>
  <datafield tag="520" ind1=" " ind2=" ">
   <subfield code="a">Βιολογικές μεμβράνες είναι όλες οι μεμβράνες των κυττάρων, προκαρυωτικών και ευκρυωτικών, ζωικών και φυτικών. Ο όρος περιλαμβάνει όχι μόνο την πλασματική ή περικυτταρική μεμβράνη (plasma ή cell membrane), αλλά και τις εσωτερικές μεμβράνες που διαμερισματοποιούν το κύτταρο.Το κείμενο, που ακολουθεί, μελετά κυρίως την πλασματική μεμβράνη. Στην πλασματική μεμβράνη οφείλεται το γεγονός ότι κάθε κύτταρο είναι μια αυτόνομα οργανωμένη μονάδα. Σ’ αυτήν όμως οφείλεται, παράλληλα, και η δυνατότητα των κυττάρων να επικοινωνούν με ό,τι τα περιβάλλει. Στην επικοινωνία των κυττάρων με το περιβάλλον τους καθοριστικό ρόλο παίζουν η ιδιότητα της εκλεκτικής διαπερατότητας (που είναι, άλλωστε, ιδιότητα και όλων των βιολογικών μεμβρανών) και η ύπαρξη υποδοχέων εξωτερικών σημάτων. Στις περισσότερες περιπτώσεις, στο περιβάλλον των κυττάρων συμμετέχουν άλλα κύτταρα. Σκοπός του κειμένου αυτού είναι να μελετήσει τις λειτουργίες των βιολογικών μεμβρανών και κυρίως τη λειτουργία της διαπερατότητας, που επιτρέπει εκλεκτική μεταφορά ιόντων και μορίων, αλλά και των μεμβρανικών ιδιοτήτων που επιτρέπουν μεταφορά ολόκληρων σωματιδίων μέσω των μεμβρανών. Καθώς όμως οι ιδιότητες των μεμβρανών είναι αποτέλεσμα της δομής τους και αυτή, με τη σειρά της, αποτέλεσματων των χημικών ιδιοτήτων των μεμβρανικών συστατικών, η μελέτη θα αρχίσει από τα μεμβρανικά συστατικά. Ιδιαίτερη βαρύτητα δίδεται στις βασικές αρχές βιοσηματοδότησης, στην οποία περιγράφονται οι ιδιότητες των εξωτερικών σημάτων, η δομή, οι λειτουργίες και ο ποσοτικός υπολογισμός των υποδοχέων, καθώς και κινητικά – τοπολογικά χαρακτηριστικά της ενδοκυττάριας σηματοδότησης. Σε χωριστό κεφάλαιο περιγράφονται χαρακτηριστικά εργαστηριακά πρωτόκολλα μελέτης των βιολογικών μεμβρανών.</subfield>
  </datafield>
  <datafield tag="650" ind1=" " ind2="0">
   <subfield code="a">Membranes (Biology)</subfield>
   <subfield code="8">2835</subfield>
  </datafield>
  <datafield tag="653" ind1=" " ind2=" ">
   <subfield code="a">Μεταγωγή σήματος</subfield>
  </datafield>
  <datafield tag="653" ind1=" " ind2=" ">
   <subfield code="a">Μεμβρανική μεταφορά</subfield>
  </datafield>
  <datafield tag="653" ind1=" " ind2=" ">
   <subfield code="a">Μεμβρανικές πρωτεΐνες</subfield>
  </datafield>
  <datafield tag="653" ind1=" " ind2=" ">
   <subfield code="a">Μεμβρανικά λιπίδια</subfield>
  </datafield>
  <datafield tag="653" ind1=" " ind2=" ">
   <subfield code="a">Βιολογικές μεμβράνες</subfield>
  </datafield>
  <datafield tag="653" ind1=" " ind2=" ">
   <subfield code="a">Χημεία/Γενική χημεία</subfield>
   <subfield code="a">Βιοχημεία</subfield>
   <subfield code="a">Μεμβράνες</subfield>
  </datafield>
  <datafield tag="653" ind1=" " ind2=" ">
   <subfield code="a">Χημεία/Γενική χημεία</subfield>
   <subfield code="a">Βιοχημεία</subfield>
  </datafield>
  <datafield tag="700" ind1="1" ind2=" ">
   <subfield code="a">Γαλανοπούλου, Κωνσταντίνα</subfield>
   <subfield code="e">Συγγραφέας</subfield>
   <subfield code="8">1213</subfield>
  </datafield>
  <datafield tag="700" ind1="1" ind2=" ">
   <subfield code="a">Λεονταρίτης, Γιώργος</subfield>
   <subfield code="e">Συγγραφέας</subfield>
   <subfield code="8">1214</subfield>
  </datafield>
  <datafield tag="700" ind1="1" ind2=" ">
   <subfield code="a">Κητσιούλη, Ειρήνη</subfield>
   <subfield code="e">Συγγραφέας</subfield>
   <subfield code="8">1215</subfield>
  </datafield>
  <datafield tag="700" ind1="1" ind2=" ">
   <subfield code="a">Κυριακίδης, Δημήτριος</subfield>
   <subfield code="e">Κριτικός αναγνώστης</subfield>
   <subfield code="8">1216</subfield>
  </datafield>
  <datafield tag="856" ind1="4" ind2="0">
   <subfield code="u">http://hdl.handle.net/11419/4307</subfield>
   <subfield code="z">Πλήρες Κείμενο - Full text</subfield>
  </datafield>
  <datafield tag="907" ind1=" " ind2=" ">
   <subfield code="a">.b25679491</subfield>
   <subfield code="b">12-06-18</subfield>
   <subfield code="c">29-07-16</subfield>
  </datafield>
  <datafield tag="949" ind1=" " ind2=" ">
   <subfield code="0">0</subfield>
   <subfield code="1">0</subfield>
   <subfield code="2">ddc</subfield>
   <subfield code="4">0</subfield>
   <subfield code="6">571_600000000000000_ΛΕΚ</subfield>
   <subfield code="7">0</subfield>
   <subfield code="8">KALL</subfield>
   <subfield code="8">708</subfield>
   <subfield code="d">2016-04-13</subfield>
   <subfield code="r">2016-04-13</subfield>
   <subfield code="w">2016-04-13</subfield>
   <subfield code="z">571.6 ΛΕΚ</subfield>
   <subfield code="o">SEAB KALLIPOS</subfield>
  </datafield>
  <datafield tag="998" ind1=" " ind2=" ">
   <subfield code="a">80</subfield>
   <subfield code="a">01</subfield>
   <subfield code="a">02</subfield>
   <subfield code="a">03</subfield>
   <subfield code="a">04</subfield>
   <subfield code="a">05</subfield>
   <subfield code="a">06</subfield>
   <subfield code="a">07</subfield>
   <subfield code="a">08</subfield>
   <subfield code="a">09</subfield>
   <subfield code="a">10</subfield>
   <subfield code="a">11</subfield>
   <subfield code="a">12</subfield>
   <subfield code="a">13</subfield>
   <subfield code="a">14</subfield>
   <subfield code="a">15</subfield>
   <subfield code="a">16</subfield>
   <subfield code="a">17</subfield>
   <subfield code="a">18</subfield>
   <subfield code="a">19</subfield>
   <subfield code="a">20</subfield>
   <subfield code="a">21</subfield>
   <subfield code="a">22</subfield>
   <subfield code="a">23</subfield>
   <subfield code="a">24</subfield>
   <subfield code="a">25</subfield>
   <subfield code="a">26</subfield>
   <subfield code="b">16-05-17</subfield>
   <subfield code="c">m</subfield>
   <subfield code="d">z  </subfield>
   <subfield code="e">-</subfield>
   <subfield code="f">gre</subfield>
   <subfield code="g">gr </subfield>
   <subfield code="h">0</subfield>
  </datafield>
  <datafield tag="942" ind1=" " ind2=" ">
   <subfield code="2">ddc</subfield>
   <subfield code="c">KALLIPOS</subfield>
  </datafield>
 </record>
</collection>
